Forms & Formalisms of Seminars & Conferences (Record no. 91792)
[ view plain ]
| 000 -LEADER | |
|---|---|
| fixed length control field | 00529nam a2200181Ia 4500 |
| 008 - FIXED-LENGTH DATA ELEMENTS--GENERAL INFORMATION | |
| fixed length control field | 230125s9999 xx 000 0 und d |
| 041 ## - LANGUAGE CODE | |
| Language code of text/sound track or separate title | eng |
| 082 ## - DEWEY DECIMAL CLASSIFICATION NUMBER | |
| Classification number | 658 |
| Item number | BHA |
| 100 ## - MAIN ENTRY--PERSONAL NAME | |
| Personal name | Bhattacharyya A |
| 9 (RLIN) | 114398 |
| 245 ## - TITLE STATEMENT | |
| Title | Forms & Formalisms of Seminars & Conferences |
| 250 ## - EDITION STATEMENT | |
| Edition statement | 1st ed |
| 260 ## - PUBLICATION, DISTRIBUTION, ETC. (IMPRINT) | |
| Date of publication, distribution, etc. | 1991 |
| Name of publisher, distributor, etc. | The Institute of Engineers |
| Place of publication, distribution, etc. | Calcutta |
| 300 ## - PHYSICAL DESCRIPTION | |
| Extent | 75p |
| 500 ## - GENERAL NOTE | |
| Keywords | Forms & Formalisms;Seminars & Conferences |
| 650 ## - SUBJECT ADDED ENTRY--TOPICAL TERM | |
| Topical term or geographic name as entry element | Management |
| 700 ## - ADDED ENTRY--PERSONAL NAME | |
| Personal name | Bhattacharyya A; Lahiri B N & Saha J |
| 9 (RLIN) | 114399 |
| Withdrawn status | Lost status | Damaged status | Not for loan | Home library | Current library | Date acquired | Vendor | Full call number | Barcode | Date last seen | Bill Date | Koha item type | Original Barcode |
|---|---|---|---|---|---|---|---|---|---|---|---|---|---|
| Smt. Hiraben Nanavati Institute of Management & Research for Women | Smt. Hiraben Nanavati Institute of Management & Research for Women | 24/09/2012 | Satya Gilani | 658 BHA DB1771 | HIMR-DB-1771 | 25/01/2023 | 24/09/2012 | Donated Book | DB1771 |